Welcome to WEB OPAC of MRSPTU Central Library

Workshop technology (Record no. 1117)

MARC details
000 -LEADER
fixed length control field 00353nam a2200145Ia 4500
008 - FIXED-LENGTH DATA ELEMENTS--GENERAL INFORMATION
fixed length control field 230711s9999||||xx |||||||||||||| ||und||
041 ## - LANGUAGE CODE
Language code of text/sound track or separate title ENG
082 ## - DEWEY DECIMAL CLASSIFICATION NUMBER
Classification number 624
Item number CH-W
100 ## - MAIN ENTRY--PERSONAL NAME
Personal name Chapman,W.A.J
245 #0 - TITLE STATEMENT
Title Workshop technology
250 ## - EDITION STATEMENT
Edition statement 4th
260 ## - PUBLICATION, DISTRIBUTION, ETC.
Date of publication, distribution, etc. 1986
Place of publication, distribution, etc. New Delhi
Name of publisher, distributor, etc. Oxford University Press
650 ## - SUBJECT ADDED ENTRY--TOPICAL TERM
Topical term or geographic name entry element Mechanical Engineering
942 ## - ADDED ENTRY ELEMENTS (KOHA)
Koha item type Book
Holdings
Withdrawn status Lost status Damaged status Not for loan Collection Home library Current library Date acquired Total checkouts Full call number Barcode Date last seen Price effective from Koha item type
          MRSPTU Central Library MRSPTU Central Library     624 CH-W 5512 08/17/2023 08/17/2023 Book
          MRSPTU Central Library MRSPTU Central Library     624 CH-W 5513 08/17/2023 08/17/2023 Book
          MRSPTU Central Library MRSPTU Central Library     624 CH-W 5514 08/17/2023 08/17/2023 Book
          MRSPTU Central Library MRSPTU Central Library     624 CH-W 5515 08/17/2023 08/17/2023 Book
          MRSPTU Central Library MRSPTU Central Library     624 CH-W 5516 08/17/2023 08/17/2023 Book
          MRSPTU Central Library MRSPTU Central Library     624 CH-W 5517 08/17/2023 08/17/2023 Book
          MRSPTU Central Library MRSPTU Central Library     624 CH-W 5518 08/17/2023 08/17/2023 Book
          MRSPTU Central Library MRSPTU Central Library     624 CH-W 5519 08/17/2023 08/17/2023 Book
          MRSPTU Central Library MRSPTU Central Library     624 CH-W 9246 08/17/2023 08/17/2023 Book
          MRSPTU Central Library MRSPTU Central Library     624 CH-W 9247 08/17/2023 08/17/2023 Book
          MRSPTU Central Library MRSPTU Central Library     624 CH-W 9248 08/17/2023 08/17/2023 Book

Website Designed and Developed by MRSPTU Central Library Team

E-mail Id: librarian@mrsptu.ac.in